书目信息 |
| 题名: |
税收筹划案例分析
|
|
| 作者: | 杨志清 , 庄粉荣 编著 | |
| 分册: | ||
| 出版信息: | 北京 中国人民大学出版社 2005 |
|
| 页数: | 410页 | |
| 开本: | 23cm | |
| 丛书名: | ||
| 单 册: | ||
| 中图分类: | F810.423 | |
| 科图分类: | ||
| 主题词: | 税收筹划--案例--分析--中国--高等学校--教材 , 税收筹划 | |
| 电子资源: | ||
| ISBN: | 7-300-06322-5 | |
| 000 | 01053nam0 2200277 450 | |
| 000 | 01067nam0 2200277 450 | |
| 000 | 00996nam0 2200253 450 | |
| 000 | 00960oam2 2200241 45 | |
| 005 | 20070725142816.42 | |
| 010 | @a7-300-06322-5@dCNY32.00 | |
| 100 | @a20070626d2005 em y0chiy0120 ea | |
| 101 | 0 | @achi |
| 102 | @aCN@b110000 | |
| 105 | @ay z 000yy | |
| 200 | 1 | @a税收筹划案例分析@AShui Shou Chou Hua An Li Fen Xi@f杨志清,庄粉荣编著@FYang Zhi Qing, Zhuang Fen Rong Bian Zhu |
| 210 | @a北京@c中国人民大学出版社@d2005 | |
| 215 | @a410页@c照片@d23cm | |
| 300 | @a面向21世纪课程教材经济管理类课程教材·税收系列 | |
| 330 | @a本书通过清晰、准确、活泼的描述,通过重点、难点的提示,使你掌握税收的基本概念和原理;通过案例分析点评,培养你分析解决问题的实际操作能力。 | |
| 606 | 0 | @a税收筹划@x案例@x分析@y中国@x高等学校@j教材 |
| 606 | 0 | @a税收筹划 |
| 690 | @aF810.423@v4 | |
| 701 | 0 | @a杨志清@AYang Zhi Qing@c(财经)@4编著 |
| 701 | 0 | @a庄粉荣@AZhuang Fen Rong@f(1958.8~)@4编著 |
| 801 | 0 | @aCN@bTAOJIN@c20070725 |
| 905 | @a10447@dF810.423@e50 | |
| 税收筹划案例分析/杨志清,庄粉荣编著.-北京:中国人民大学出版社,2005 |
| 410页:照片;23cm |
| 面向21世纪课程教材经济管理类课程教材·税收系列 |
| ISBN 7-300-06322-5:CNY32.00 |
| 本书通过清晰、准确、活泼的描述,通过重点、难点的提示,使你掌握税收的基本概念和原理;通过案例分析点评,培养你分析解决问题的实际操作能力。 |
| ● |
| 相关链接 |
|
|
|
|
正题名:税收筹划案例分析
索取号:F810.423/50
 
预约/预借
| 序号 | 登录号 | 条形码 | 馆藏地/架位号 | 状态 | 备注 |
| 1 | 0825541 | 208255412 | 第一样本阅览室/ [索取号:F810.423/50] | 在馆 | |
| 2 | 0825542 | 208255421 | 密集书库/ [索取号:F810.423/50] | 在馆 | |
| 3 | 0825543 | 208255430 | 第一借阅区/ [索取号:F810.423/50] | 在馆 | |
| 4 | 0825544 | 208255449 | 密集书库/ [索取号:F810.423/50] | 在馆 | |
| 5 | 0825545 | 208255458 | 第一借阅区/ [索取号:F810.423/50] | 在馆 | |
| 6 | 0825546 | 208255467 | 密集书库/ [索取号:F810.423/50] | 在馆 | |
| 7 | 0825547 | 208255476 | 第一借阅区/ [索取号:F810.423/50] | 在馆 | |
| 8 | 0825548 | 208255485 | 第一借阅区/ [索取号:F810.423/50] | 在馆 |